Tleskač /
Dobrodružný román dějově předcházející příběhům Rychlých šípů ze Stínadel se zaměřuje na dětství Jana Tleskače.
Uloženo v:
| Hlavní autor: | |
|---|---|
| Další autoři: | |
| Médium: | E-kniha |
| Jazyk: | Czech |
| Vydáno: |
V Praze :
Albatros,
2022
|
| Vydání: | 1. vydání |
| Témata: | |
| Tagy: |
Žádné tagy |
| LEADER | 02670cam a2200493 i 4500 | ||
|---|---|---|---|
| 001 | 311714 | ||
| 003 | CZ PrSKC | ||
| 005 | 20260601215710.0 | ||
| 007 | ta | ||
| 008 | 221103s2022 xr a c 000 f cze d | ||
| 015 | |a cnb003467096 | ||
| 020 | |a 9788000069074 |q (vázáno) : |c Kč 399,00 | ||
| 035 | |a (OCoLC)1369541330 | ||
| 040 | |a UOG001 |b cze |d UOG001 |d ABG001 |e rda | ||
| 072 | 7 | |a 821.162.3-3 |x Česká próza |2 Konspekt | |
| 072 | 7 | |a 821-93 |x Literatura pro děti a mládež (beletrie) |2 Konspekt | |
| 080 | |a 821.162.3-31 |2 MRF | ||
| 080 | |a 821-93 |2 MRF | ||
| 080 | |a (0:82-311.3) |2 MRF | ||
| 100 | 1 | |a Žák, David Jan, |d 1971- |7 jn19981002501 |4 aut | |
| 245 | 1 | 0 | |a Tleskač / |c David Jan Žák ; ilustrovala Renata Wilflingová |
| 250 | |a 1. vydání | ||
| 264 | 1 | |a V Praze : |b Albatros, |c 2022 | |
| 300 | |a 197 stran : |b ilustrace ; |c 23 cm | ||
| 336 | |a text |b txt |2 rdacontent | ||
| 337 | |a bez média |b n |2 rdamedia | ||
| 338 | |a svazek |b nc |2 rdacarrier | ||
| 500 | |a "Inspirováno dílem Jaroslava Foglara"--Tiráž | ||
| 500 | |a Obálkový podnázev: ze světa Jaroslava Foglara | ||
| 520 | 2 | |a Dobrodružný román dějově předcházející příběhům Rychlých šípů ze Stínadel se zaměřuje na dětství Jana Tleskače. |b Jan Tleskač vyrůstá ve stínadelském sirotčinci na Rváčově. Jeho jedinou památkou na rodiče je kovový hlavolam ježek v kleci a v něm ukrytý medailonek s portrétem maminky. Chlapec musí svádět boj nejen s bandou místních výrostků, ale i s nelítostným Správcem či záhadným podivínem Ksichtem. Drobný Jan má mezi hochy ale i věrné přátele, Berta Komoura a Vojtu Vonta. Vypátrá s jejich pomocí, kdo byl jeho otec a jaké tajemství skrývá ježek v kleci? Nakladatelská anotace. | |
| 521 | 8 | |a Pro čtenáře od 10 let | |
| 655 | 7 | |a české romány |7 fd133974 |2 czenas | |
| 655 | 7 | |a dobrodružné romány |7 fd132061 |2 czenas | |
| 655 | 7 | |a publikace pro děti |7 fd133156 |2 czenas | |
| 655 | 9 | |a Czech fiction |2 eczenas | |
| 655 | 9 | |a adventure novels |2 eczenas | |
| 655 | 9 | |a children's literature |2 eczenas | |
| 700 | 1 | |a Wilflingová, Renata, |d 1982- |7 pna2011675987 |4 ill | |
| 900 | |a ABA001 |b 19 | ||
| 928 | 9 | |a Albatros Media - Albatros | |
| 044 | |a xr | ||
| 910 | |a RBIT002 | ||
| 998 | |d 362322 |a https://core.palmknihy.cz/api/books/362322/cover?siasl8 |b https://core.palmknihy.cz/api/books/362322/cover/400?siasl8 |c https://core.palmknihy.cz/api/books/362322/cover/50?siasl8 |e 2026-12-31 |g 200 |i 9788000069074 |j https://core.palmknihy.cz/api/books/362322/preview.epub |k https://core.palmknihy.cz/api/books/362322/preview.pdf |l |q 49 |r 1 |s https://www.palmknihy.cz/kniha/362322 |t ebook |y 2022 |z 0 | ||
| 999 | |d 311712 | ||